00413nam a2200145Ia 4500008004100000020001500041041001200056082001600068100001500084245009600099260003500195300000800230650001200238700001700250221030s9999 xx 000 0 und d a8121908744 aEnglish a105.23bPin aM. A. Pink 0aEnglish Grammar composition & Effective Business communicationcby M. A. Pink, S. E. Thomas bS.Chand & Co.aNew Delhic2001 a408 aEnglish aS. E. Thomas